| 000 | 00480nam a22001337a 4500 | ||
|---|---|---|---|
| 008 | 140113b xxu||||| |||| 00| 0 eng d | ||
| 050 | _aD766.84.G7 1942 | ||
| 100 |
_aGreat Britain. War Office _96558 |
||
| 245 |
_aThe Abyssinian campaigns _bThe official story of the conquest of Italian East Africa |
||
| 260 |
_aLondon _bHis Majesty's Stationery Office _c1942 |
||
| 300 |
_a145p. _c23cm |
||
| 650 |
_aWorld War 1939-1945 - Campaigns - Africa, East _96559 |
||
| 942 |
_2lcc _cMONOGRAPH |
||
| 999 |
_c119535 _d119535 |
||